| 000 | 00000cas 2200000zi 4500 |
| 001 | 9.884325 |
| 003 | CaOODSP |
| 005 | 20260427140706 |
| 006 | m o d f |
| 007 | cr ||||||||||| |
| 008 | 200205c20219999oncar p o f0###b0fre|d |
| 022 | |a2562-9654 |
| 040 | |aCaOODSP|bfre|erda|cCaOODSP |
| 043 | |an-cn--- |
| 086 | 1 |aSB1-16F-PDF |
| 110 | 2 |aBibliothèque et archives Canada.|eauteur, |eorganisme de publication. |
| 222 | 0|aStratégie de données de BAC |
| 245 | 10|aStratégie de données de BAC. |
| 246 | 13|aStratégie de données de Bibliothèque et archives Canada |
| 264 | 1|a[Ottawa] : |bBibliothèque et archives Canada = Library and Archives Canada, |c[2019]- |
| 310 | |aAnnuel |
| 336 | |atexte|btxt|2rdacontent/fre |
| 337 | |ainformatique|bc|2rdamedia/fre |
| 338 | |aressource en ligne|bcr|2rdacarrier/fre |
| 362 | 1 |aParaît depuis 2019/2021. |
| 500 | |aPublié aussi en anglais sous le titre : LAC data strategy. |
| 588 | |aDescription d'après : 2022. |
| 588 | |aDernière livraison consultée : 2024. |
| 610 | 26|aBibliothèque et archives Canada|vPériodiques. |
| 650 | 6|aAdministration publique|zCanada|xInformatique|xPlanification|vPériodiques. |
| 650 | 6|aInformation sur l'État électronique|zCanada|xGestion|xPlanification|vPériodiques. |
| 650 | 6|aAdministration publique (Science)|zCanada|xInformatique|xPlanification|vPériodiques. |
| 655 | 7|aPériodiques|2rvmgf |
| 775 | 08|tLAC data strategy.|w(CaOODSP)9.884322 |